000 00540 a2200181 4500
999 _c4454
_d4454
020 _a9780340771976
050 _aQA36.2 ECC2000
100 _a Eccles, Anthony
_eauthor
245 _aMEI structured mathematics
_b Statistics 1 /
_cAnthony Eccles ... [et al.].
264 _aLondon :
_b Hodder and Stoughton, cop /
_c 2000.
300 _aviii, 200 p. : ill. ; 25 cm.
500 _alncludes index
650 _astatistics
700 _aAlan Graham
700 _aLiam Hennessy
700 _aRoger Porkess
942 _2lcc
_cBK
_h39.2
_iECC
_kQA